Language Quiz

Random Language or Italian Quiz

Italian Ch. 1 - Vocab (English to Italian) Quiz Stats

 Plays Quiz not verified by Sporcle

Score 0/176 Timer 15:00
0 Plays Today
In English In Italian % Correct
3tre
78%
20venti
76.3%
7sette
72.9%
2due
71.2%
8otto
71.2%
6sei
69.5%
hi; byeciao
67.8%
4quattro
67.8%
9nove
67.8%
pleaseper favore
66.1%
10dieci
66.1%
5cinque
62.7%
23ventitré
62.7%
100cento
62.7%
teail tè
61%
good morning, good daybuon giorno
59.3%
good nightbuona notte
59.3%
Marchmarzo
59.3%
Augustagosto
59.3%
1uno
59.3%
12dodici
59.3%
good eveningbuona sera
57.6%
friend (f.)l'amica
57.6%
catil gatto
57.6%
Februaryfebbraio
57.6%
Aprilaprile
57.6%
21ventuno
57.6%
80ottanta
57.6%
My name is...Mi chiamo
55.9%
thank yougrazie
55.9%
you're welcome; come in; etc.prego
55.9%
restaurantil ristorante
55.9%
Octoberottobre
55.9%
11undici
55.9%
24ventiquattro
55.9%
25venticinque
55.9%
30trenta
55.9%
90novanta
55.9%
beerla birra
54.2%
yearl'anno
54.2%
dogil cane
54.2%
ice creamil gelato
54.2%
Maymaggio
54.2%
Novembernovembre
54.2%
0zero
54.2%
22ventidue
54.2%
26ventisei
54.2%
70settanta
54.2%
Pleased to meet you!Piacere!
52.5%
waterl'acqua
52.5%
cinema, movie theateril cinema
52.5%
cityla citt (la citta)
52.5%
Septembersettembre
52.5%
27ventisette
52.5%
40quaranta
52.5%
60sessanta
52.5%
house, homela casa
50.8%
Italianl'italiano
50.8%
bookil libro
50.8%
In English In Italian % Correct
streetla via
50.8%
Decemberdicembre
50.8%
firstprimo
50.8%
secondsecondo
50.8%
15quindici
50.8%
28ventotto
50.8%
400quattrocento
50.8%
Where are you from (form.)?Di dov'è?
49.2%
film, movieil film
49.2%
carla macchina
49.2%
Junegiugno
49.2%
winterl'inverno
49.2%
13tredici
49.2%
14quattordici
49.2%
coffeeil caffè
47.5%
doorla porta
47.5%
friend (m.)l'amico
47.5%
boyil ragazzo
47.5%
Januarygennaio
47.5%
Julyluglio
47.5%
springla primavera
47.5%
summerl'estate
47.5%
18diciotto
47.5%
29ventinove
47.5%
300trecento
47.5%
1.000mille
47.5%
My name is...Sono...
45.8%
bicyclela bicicletta
45.8%
thirdterzo
45.8%
50cinquanta
45.8%
200duecento
45.8%
good-byearrivederci
44.1%
What's your name (inform.)?Come ti chiami?
44.1%
party; holidayla festa
44.1%
professor (m.)il professore
44.1%
universityl'universit (l'universita)
44.1%
town squarela piazza
44.1%
16sedici
44.1%
sandwichil panino
42.4%
penla penna
42.4%
professor (f.)la professoressa
42.4%
televisionla televisione
42.4%
eurol'euro (gli euro)
42.4%
student (m.)lo studente
40.7%
student (f.)la studentessa
40.7%
cappuccinoil cappuccino
39%
languagela lingua
39%
fourthquarto
39%
What's your name (form.)?Come si chiama?
37.3%
I live in (name of city)Abito a...
37.3%
Do (don't) you (inform) like...?(Non) ti piace/piacciono...?
37.3%
number, issueil numero
37.3%
religionla religione
37.3%
historyla storia
37.3%
I'm from...Sono di...
35.6%
glassil bicchiere
35.6%
bottlela bottiglia
35.6%
examl'esame
35.6%
clock, watchl'orologio
35.6%
In English In Italian % Correct
floweril fiore
35.6%
17diciassette
35.6%
19diciannove
35.6%
2.000duemila
35.6%
computeril computer
33.9%
physicsla fisica
33.9%
informationl'informazione
33.9%
Where are you from (inform.)?Di dove sei?
32.2%
Where do you live (form.)?Dove abita?
32.2%
biologyla biologia
32.2%
sportlo sport
32.2%
regionla regione
32.2%
fifthquinto
32.2%
2009duemilanove
32.2%
philosophyla filosofia
30.5%
lesson, individual class periodla lezione
30.5%
mathematicsla matematica
30.5%
Where do you live (inform.)?Dove abiti?
28.8%
airplanel'aereo
28.8%
sociologyla sociologia
28.8%
autumn; falll'autunno
28.8%
CD-ROMil CD
27.1%
backpacklo zaino
27.1%
anthropologyl'antropologia
25.4%
group (of students), classroomla classe
25.4%
dictionaryil dizionario
25.4%
economy, economicsl'economia
25.4%
ninthnono
25.4%
chemistryla chimica
23.7%
photographla fotografia
23.7%
sixthsesto
23.7%
My phone number is...Il mio numero di telefono è...
22%
psychologyla psicologia
22%
seventhsettimo
22%
pleaseper piacere
20.3%
courseil corso
20.3%
error, mistakel'errore
20.3%
cell phoneil cellulare
20.3%
1861milleottocentosessantuno
20.3%
How is it written?Come si scrive?
18.6%
orange juiceil succo d'arancia
18.6%
notebookil quaderno
18.6%
tenthdecimo
18.6%
hamburgerl'hamburger
16.9%
eighthottavo
16.9%
residencela residenza
15.3%
political sciencele scienze politiche
15.3%
international studiesgli studi internazionali
13.6%
Do (don't) you (form) like...?(Non) Le piace/piacciono...?
11.9%
pastryla pasta
11.9%
English literaturela letteratura inglese
11.9%
cent (lit. hundredth of one euro)il centesimo
10.2%
How much is it?Quant'è?
8.5%
engineeringl'ingegneria
6.8%
gradeil voto
6.8%
What is today's date?Quanti ne abbiamo oggi?
0%
subject matterla materia (di studio)
0%
communications (subject matter)le scienze della comunicazione
0%

You're not logged in!

Compare scores with friends on all Sporcle quizzes.
OR
Log In

Show Comments

Extras

Top Quizzes Today


Score Distribution

Your Account Isn't Verified!

In order to create a playlist on Sporcle, you need to verify the email address you used during registration. Go to your Sporcle Settings to finish the process.

Report this User

Report this user for behavior that violates our Community Guidelines.

Details: